| 000 | 00931cam a22001694a 4500 | ||
|---|---|---|---|
| 005 | 20250605163654.0 | ||
| 008 | 250528s ||||||||||||||||||||||||d | ||
| 035 | _a24011 | ||
| 040 |
_aGR-AtMCL _bgre _dGR-AtMCL _eAACR2 |
||
| 245 | 1 | _aSupply Chain and Logistics / Το Περιοδικό για την Εφοδιαστική Αλυσίδα | |
| 260 |
_bParametros Group _bScl Magazine, _c2020 |
||
| 300 | _a88 | ||
| 520 | _aVision 2020: Το Όραμα του Κλάδου Εφοδιαστικής Αλυσίδας και Logistics για τη Νέα Δεκαετία 2020, Κτήρια Logistics στη Νέα Εποχή, Επιχειρηματικό Περιβάλλον: Όλα είναι Data, 6 Ways to Improve Logistics Performance with Big Data by Transmetrics Blog, HiTech: Πώς θα Μοιάζει η Εξυπηρέτηση Πελατών το 2030. | ||
| 942 | _cCR | ||
| 999 |
_c8914 _d8914 |
||